| 000 | 00529nam a22001697a 4500 | ||
|---|---|---|---|
| 003 | 0 | ||
| 005 | 20231106120625.0 | ||
| 008 | 231106b xxu||||| |||| 00| 0 eng d | ||
| 020 | _a978-621-406-102-0 | ||
| 050 |
_aJQ 1426 _b.Se47 2021 |
||
| 100 | _aMaria Perpetua Arcilla Serapio | ||
| 245 |
_aPhilippine politics & governance _cMaria Perpetua Arcilla Serapio |
||
| 260 |
_aManila _bMindshapers Co., Inc. _cc2021. |
||
| 300 |
_aviii, 220 pages ; _c25 cm. |
||
| 504 | _aIncludes bibliographical references. | ||
| 942 |
_2lcc _cBK |
||
| 999 |
_c365570 _d365570 |
||